00961nam a2200265 i 450000100060000000300080000600500170001400800410003103500350007204000330010704100080014008200150014810000620016324500910022526400460031630000300036233600210039233700250041333800230043865000270046170000280048894200120051699900170052895201500054577341BD-RjUL20211209082948.0200316s1950 at 000 p eng c aOCLC ocm01416983 from D970107M aDZMerdacDZMdUKMdEQObeng aeng a821.862211 aSwinburne, Algernon Charles,d1837-1909,eauthor.924093910aSelected poems of Algernon Charles Swinburne /cwith an introduction by Humphrey Hare. 1aMelbourne ;aLondon :bHeinemann,c[1950] axxxix, 236 pages ;c23 cm atext2rdacontent aunmediated2rdamedia avolume2rdacarrier aEnglish poetry92409401 aHare, Humphrey,9240941 2ddccBK c77341d77341 00102ddc40708NFICaRUCLbRUCLcStackd1957-11-21eOxford University pressg4.00l0o821.86 SWS 1950r2020-03-16 00:00:00tC-2w2020-03-16yBK